Football Derbys 2 - Statistics

General Stats
  • This quiz has been taken 29 times
  • The average score is 8 of 12
Answer Stats
Answer % Correct
West Ham United
92%
Chelsea
88%
Southampton
81%
Portsmouth
77%
Sheffield United
77%
Sheffield Wednesday
77%
Norwich City
73%
Fulham
65%
Ipswich Town
65%
Coventry City
31%
Leicester City
31%
Leyton Orient
27%
No matching quizzes found
Score Distribution
Percent of People with Each Score
Percentile by Number Answered
Your Score History
You have not taken this quiz